Statistics for Greatest NBA Players To Never Win A Ring

Click here to take the quiz!

General Stats

  • This quiz has been taken 1,295 times
    (1,294 since last reset)
  • The average score is 13 of 32

Answer Stats

TeamAnswer% Correct
JazzKarl Malone
91%
JazzJohn Stockton
89%
KnicksPatrick Ewing
77%
ThunderRussell Westbrook
73%
SunsCharles Barkley
71%
HawksDominique Wilkins
68%
ThunderJames Harden
68%
BullsDerrick Rose
66%
76ersAllen Iverson
65%
KnicksCarmelo Anthony
65%
ClippersChris Paul
64%
ThunderKevin Durant
59%
LakersSteve Nash
57%
LakersElgin Baylor
53%
SupersonicsShawn Kemp
45%
PacersReggie Miller
40%
SpursGeorge Gervin
30%
NuggetsAlex English
29%
TimberwolvesKevin Love
27%
KingsChris Webber
25%
LakersDwight Howard
25%
NuggetsDikembe Mutombo
23%
RocketsYao Ming
21%
WarriorsChris Mullins
18%
BullsArtis Gilmore
15%
NetsDeron Williams
14%
NetsBuck Williams
13%
NuggetsDavid Thompson
8%
HawksPete Maravich
8%
CavaliersLarry Nance
5%
BulletsWalt Bellamy
3%
SupersonicsTom Chambers
2%

Score Distribution

Percentile by Number Answered

Percent of People with Each Score

Your Score History

You have not taken this quiz since the last reset